[Event "FIDE World Chess Cup"]
[Site "chess24.com"]
[Date "2015.09.18"]
[Round "20"]
[White "Lu, Shanglei"]
[Black "Topalov, Veselin"]
[Result "1/2-1/2"]
[Board "1"]
[WhiteTitle "GM"]
[WhiteElo "2599"]
[WhiteCountry "CHN"]
[WhiteFideId "8603332"]
[WhiteEloChange "3"]
[BlackTitle "GM"]
[BlackElo "2816"]
[BlackCountry "BUL"]
[BlackFideId "2900084"]
[BlackEloChange "-3"]

1. e4 {[%clk 1:30:58]} e5 {[%clk 1:30:53]} 2. Nf3 {[%clk 1:29:10]} Nc6 {[%clk
1:31:09]} 3. c3 {[%clk 1:29:37]} d5 {[%clk 1:31:24]} 4. Bb5 {[%clk 1:30:01]} dxe4
{[%clk 1:30:23]} 5. Nxe5 {[%clk 1:30:12]} Qd5 {[%clk 1:30:27]} 6. Qa4 {[%clk
1:30:39]} Ne7 {[%clk 1:29:08]} 7. f4 {[%clk 1:31:04]} exf3 {[%clk 1:28:43]} 8.
Nxf3 {[%clk 1:31:29]} a6 {[%clk 1:26:36]} 9. Be2 {[%clk 1:31:44]} Bf5 {[%clk
1:22:46]} 10. O-O {[%clk 1:18:07]} O-O-O {[%clk 1:23:07]} 11. d4 {[%clk 1:18:07]}
Qd7 {[%clk 1:19:36]} 12. b4 {[%clk 0:53:04]} f6 {[%clk 1:19:58]} 13. Na3 {[%clk
0:43:44]} Nd5 {[%clk 1:17:02]} 14. Bd2 {[%clk 0:43:40]} Re8 {[%clk 1:06:00]} 15.
Rfe1 {[%clk 0:38:15]} Nb6 {[%clk 1:03:48]} 16. Qb3 {[%clk 0:37:41]} Be6 {[%clk
0:58:44]} 17. c4 {[%clk 0:29:32]} Nxd4 {[%clk 0:55:12]} 18. Nxd4 {[%clk 0:29:55]}
Qxd4+ {[%clk 0:55:37]} 19. Be3 {[%clk 0:30:21]} Qd7 {[%clk 0:45:21]} 20. Bf3
{[%clk 0:22:17]} Qa4 {[%clk 0:38:21]} 21. Bxb6 {[%clk 0:21:20]} Qxb3 {[%clk
0:38:15]} 22. axb3 {[%clk 0:21:43]} cxb6 {[%clk 0:37:12]} 23. Rxe6 {[%clk
0:18:52]} Rxe6 {[%clk 0:37:35]} 24. Bg4 {[%clk 0:19:17]} Kd7 {[%clk 0:37:59]} 25.
Re1 {[%clk 0:19:28]} Bxb4 {[%clk 0:37:47]} 26. Rxe6 {[%clk 0:19:52]} Bxa3 {[%clk
0:37:35]} 27. Rxf6+ {[%clk 0:20:12]} Ke7 {[%clk 0:36:25]} 28. Re6+ {[%clk
0:20:39]} Kf7 {[%clk 0:36:40]} 29. Kf1 {[%clk 0:21:04]} h5 {[%clk 0:33:23]} 30.
Bf5 {[%clk 0:20:45]} Rh6 {[%clk 0:33:42]} 31. Rxh6 {[%clk 0:21:08]} gxh6 {[%clk
0:34:08]} 1/2-1/2

[Event "FIDE World Chess Cup"]
[Site "chess24.com"]
[Date "2015.09.19"]
[Round "25"]
[White "Nepomniachtchi, Ian"]
[Black "Nakamura, Hikaru"]
[Result "1-0"]
[Board "2"]
[WhiteTitle "GM"]
[WhiteElo "2705"]
[WhiteCountry "RUS"]
[WhiteFideId "4168119"]
[WhiteEloChange "7"]
[BlackTitle "GM"]
[BlackElo "2814"]
[BlackCountry "USA"]
[BlackFideId "2016192"]
[BlackEloChange "-7"]

1. c4 {[%clk 0:05:06]} Nf6 {[%clk 0:05:06]} 2. Nc3 {[%clk 0:05:06]} g6 {[%clk
0:05:06]} 3. g3 {[%clk 0:05:07]} Bg7 {[%clk 0:05:11]} 4. Bg2 {[%clk 0:05:07]} d6
{[%clk 0:05:11]} 5. Nf3 {[%clk 0:05:09]} O-O {[%clk 0:05:15]} 6. O-O {[%clk
0:05:10]} Nc6 {[%clk 0:05:16]} 7. Rb1 {[%clk 0:05:09]} e5 {[%clk 0:05:12]} 8. b4
{[%clk 0:05:08]} Be6 {[%clk 0:04:47]} 9. d3 {[%clk 0:05:06]} h6 {[%clk 0:04:49]}
10. b5 {[%clk 0:05:06]} Ne7 {[%clk 0:04:51]} 11. a4 {[%clk 0:05:08]} Qd7 {[%clk
0:04:53]} 12. Ba3 {[%clk 0:05:01]} Rfe8 {[%clk 0:04:44]} 13. Nd2 {[%clk 0:04:55]}
Rab8 {[%clk 0:04:46]} 14. a5 {[%clk 0:04:38]} b6 {[%clk 0:04:42]} 15. Nde4 {[%clk
0:04:28]} Nh7 {[%clk 0:04:05]} 16. axb6 {[%clk 0:04:17]} axb6 {[%clk 0:04:07]}
17. Bb2 {[%clk 0:04:16]} f5 {[%clk 0:04:06]} 18. Nd2 {[%clk 0:04:18]} Nf6 {[%clk
0:04:06]} 19. Ra1 {[%clk 0:04:15]} d5 {[%clk 0:03:37]} 20. cxd5 {[%clk 0:04:09]}
Nexd5 {[%clk 0:03:17]} 21. Nxd5 {[%clk 0:04:11]} Bxd5 {[%clk 0:03:06]} 22. Bxd5+
{[%clk 0:04:01]} Qxd5 {[%clk 0:03:08]} 23. Qb3 {[%clk 0:03:55]} Qxb3 {[%clk
0:03:10]} 24. Nxb3 {[%clk 0:03:58]} e4 {[%clk 0:03:13]} 25. dxe4 {[%clk 0:03:47]}
Rxe4 {[%clk 0:03:15]} 26. Nd4 {[%clk 0:03:35]} Ne8 {[%clk 0:02:58]} 27. e3 {[%clk
0:03:37]} Nd6 {[%clk 0:03:00]} 28. Rab1 {[%clk 0:03:28]} Nc4 {[%clk 0:02:37]} 29.
Rfc1 {[%clk 0:02:51]} Nd2 {[%clk 0:02:39]} 30. Ra1 {[%clk 0:02:52]} Bxd4 {[%clk
0:02:40]} 31. Bxd4 {[%clk 0:02:53]} Nb3 {[%clk 0:02:42]} 32. Rxc7 {[%clk
0:02:55]} Nxa1 {[%clk 0:02:00]} 33. Bxa1 {[%clk 0:02:56]} Ra8 {[%clk 0:01:58]}
34. Bd4 {[%clk 0:02:53]} Re6 {[%clk 0:02:01]} 35. Rg7+ {[%clk 0:02:32]} Kf8
{[%clk 0:02:03]} 36. Rh7 {[%clk 0:02:35]} Ra5 {[%clk 0:02:04]} 37. Rxh6 {[%clk
0:02:04]} Rxb5 {[%clk 0:02:06]} 38. h4 {[%clk 0:02:06]} Kf7 {[%clk 0:02:07]} 39.
Rh7+ {[%clk 0:02:08]} Ke8 {[%clk 0:02:10]} 40. Kg2 {[%clk 0:02:04]} Kd8 {[%clk
0:02:07]} 41. h5 {[%clk 0:01:57]} gxh5 {[%clk 0:02:07]} 42. Rxh5 {[%clk 0:02:00]}
Kd7 {[%clk 0:02:03]} 43. g4 {[%clk 0:01:55]} Rg6 {[%clk 0:02:05]} 44. g5 {[%clk
0:01:57]} Ke6 {[%clk 0:01:31]} 45. Rh6 {[%clk 0:01:43]} Kf7 {[%clk 0:01:34]} 46.
Rh7+ {[%clk 0:01:45]} Kg8 {[%clk 0:01:36]} 47. Rh8+ {[%clk 0:01:42]} Kf7 {[%clk
0:01:36]} 48. f4 {[%clk 0:01:41]} Rb1 {[%clk 0:01:41]} 49. Rc8 {[%clk 0:01:38]}
b5 {[%clk 0:01:33]} 50. Rc5 {[%clk 0:01:41]} Ra6 {[%clk 0:01:33]} 51. Rxf5+
{[%clk 0:01:38]} Kg6 {[%clk 0:01:33]} 52. Rd5 {[%clk 0:01:38]} b4 {[%clk
0:01:32]} 53. Kf3 {[%clk 0:01:38]} Rf1+ {[%clk 0:01:23]} 54. Ke4 {[%clk 0:01:29]}
Re6+ {[%clk 0:01:20]} 55. Kd3 {[%clk 0:01:31]} b3 {[%clk 0:01:18]} 56. Rb5 {[%clk
0:01:31]} Kh5 {[%clk 0:00:55]} 57. Rxb3 {[%clk 0:01:33]} Rd1+ {[%clk 0:00:58]}
58. Kc4 {[%clk 0:01:33]} Kg4 {[%clk 0:00:59]} 59. Kd5 {[%clk 0:01:27]} Re8 {[%clk
0:00:51]} 60. g6 {[%clk 0:01:23]} Kf5 {[%clk 0:00:54]} 61. g7 {[%clk 0:01:24]}
Rd8+ {[%clk 0:00:56]} 62. Kc4 {[%clk 0:00:54]} Ke4 {[%clk 0:00:52]} 63. Rb5
{[%clk 0:00:49]} Rc8+ {[%clk 0:00:38]} 64. Rc5 {[%clk 0:00:49]} Rc1+ {[%clk
0:00:39]} 65. Kb3 {[%clk 0:00:37]} Rb8+ {[%clk 0:00:41]} 66. Ka2 {[%clk 0:00:40]}
Rg1 {[%clk 0:00:15]} 67. f5 {[%clk 0:00:37]} Kd3 {[%clk 0:00:10]} 68. Rc3+ {[%clk
0:00:33]} Ke4 {[%clk 0:00:10]} 69. f6 {[%clk 0:00:24]} Rf1 {[%clk 0:00:15]} 70.
Rc7 {[%clk 0:00:15]} Ra8+ {[%clk 0:00:15]} 71. Ra7 {[%clk 0:00:10]} Rc8 {[%clk
0:00:11]} 72. f7 {[%clk 0:00:10]} Kd3 {[%clk 0:00:05]} 73. g8Q {[%clk 0:00:12]}
Rc2+ {[%clk 0:00:08]} 74. Ka3 {[%clk 0:00:14]} 1-0